<?xml version="1.0" encoding="UTF-8"?>
<record
    xmlns:xsi="http://www.w3.org/2001/XMLSchema-instance"
    xsi:schemaLocation="http://www.loc.gov/MARC21/slim http://www.loc.gov/standards/marcxml/schema/MARC21slim.xsd"
    xmlns="http://www.loc.gov/MARC21/slim">

  <leader>02571nam a2200301Ia 4500</leader>
  <controlfield tag="003">OSt</controlfield>
  <controlfield tag="005">20210908165420.0</controlfield>
  <controlfield tag="008">210310s1994    mx ad  gr     000 0 spa d</controlfield>
  <datafield tag="020" ind1=" " ind2=" ">
    <subfield code="a">9681641290</subfield>
  </datafield>
  <datafield tag="040" ind1=" " ind2=" ">
    <subfield code="a">CO-JMCR</subfield>
    <subfield code="c">CO-JMCR</subfield>
  </datafield>
  <datafield tag="041" ind1="0" ind2=" ">
    <subfield code="a">spa</subfield>
  </datafield>
  <datafield tag="082" ind1="0" ind2="4">
    <subfield code="a">338.23 / </subfield>
    <subfield code="b">G245d</subfield>
    <subfield code="2">23</subfield>
  </datafield>
  <datafield tag="100" ind1="1" ind2=" ">
    <subfield code="a">Garza Galindo, Alejandro Almeida, </subfield>
    <subfield code="e">autor</subfield>
    <subfield code="9">28141</subfield>
  </datafield>
  <datafield tag="245" ind1="1" ind2="0">
    <subfield code="a">Determinaci&#xF3;n del precio internacional del petr&#xF3;leo opciones para M&#xE9;xico / </subfield>
    <subfield code="c">Alejandro Almeida Garza Galindo</subfield>
  </datafield>
  <datafield tag="250" ind1=" " ind2=" ">
    <subfield code="a">Primera edici&#xF3;n </subfield>
  </datafield>
  <datafield tag="260" ind1=" " ind2=" ">
    <subfield code="a">M&#xE9;xico : </subfield>
    <subfield code="b">Fondo de Cultura Econ&#xF3;mica, </subfield>
    <subfield code="c">1994.</subfield>
  </datafield>
  <datafield tag="300" ind1=" " ind2=" ">
    <subfield code="a">xiii, 247 p&#xE1;ginas : </subfield>
    <subfield code="b">ilustraciones y gr&#xE1;ficas en blanco y negro ; </subfield>
    <subfield code="c">23 cm.</subfield>
  </datafield>
  <datafield tag="440" ind1=" " ind2=" ">
    <subfield code="a">#N/A</subfield>
    <subfield code="9">28142</subfield>
  </datafield>
  <datafield tag="490" ind1="0" ind2=" ">
    <subfield code="a">Econ&#xF3;mica Latinoamericana </subfield>
  </datafield>
  <datafield tag="500" ind1=" " ind2=" ">
    <subfield code="a">Incluye &#xED;ndices.</subfield>
  </datafield>
  <datafield tag="504" ind1=" " ind2=" ">
    <subfield code="a">Bibliograf&#xED;a : p&#xE1;ginas 223-230.</subfield>
  </datafield>
  <datafield tag="505" ind1="0" ind2=" ">
    <subfield code="a">Conceptos de los precios del petr&#xF3;leo y desarrollo del mercado internacional del petr&#xF3;leo. -- Determinaci&#xF3;n de los precios del petr&#xF3;leo. -- Las opciones de M&#xE9;xico en el mercado internacional del petr&#xF3;leo.  </subfield>
  </datafield>
  <datafield tag="520" ind1="0" ind2=" ">
    <subfield code="a">Vasto y complejo, el mundo del petr&#xF3;leo rige la vida cotidiana de nuestra sociedad. Entre sus facetas esenciales est&#xE1; la determinaci&#xF3;n de los precios del crudo, por la cual se deciden y llevan a cabo todas las actividades ligadas a esta industria. Partiendo de una informaci&#xF3;n hasta ahora dispersa y de muy dif&#xED;cil acceso, el autor analiza el pasado y el presente de los precios del petr&#xF3;leo ordenados de manera clara y significativa. S&#xF3;lo un an&#xE1;lisis exhaustivo de las caracter&#xED;sticas y evoluci&#xF3;n del mercado internacional del petr&#xF3;leo y de sus precios, permite definir con exactitud la posici&#xF3;n y posibilidades de M&#xE9;xico en este contexto. De impecable rigor t&#xE9;cnico, &#xE9;sta es una valiosa fuente de informaci&#xF3;n regida por una visi&#xF3;n cr&#xED;tica e independiente. Esta obra es lectura obligada para quienes estudian el multifac&#xE9;tico tema del petr&#xF3;leo y referencia esencial para quienes quieran incursionar en este campo.
Alejandro Almeida Garza Galindo inici&#xF3; sus estudios en M&#xE9;xico y los continu&#xF3; en los Pa&#xED;ses Bajos, Inglaterra y Austria, donde se doctor&#xF3; en la Universidad de Viena. Ha trabajado en el Programa de Estudios Energ&#xE9;ticos de El Colegio de M&#xE9;xico, en la Direcci&#xF3;n General de Energ&#xE9;ticos de las Comunidades Europeas y en la Organizaci&#xF3;n para el Desarrollo Industrial de las Naciones Unidas en Viena.</subfield>
  </datafield>
  <datafield tag="650" ind1="1" ind2="4">
    <subfield code="a">Mercado petrolero </subfield>
    <subfield code="9">40184</subfield>
  </datafield>
  <datafield tag="650" ind1="2" ind2="4">
    <subfield code="a">Precios de recompra </subfield>
    <subfield code="x">Petr&#xF3;leo </subfield>
    <subfield code="9">40185</subfield>
  </datafield>
  <datafield tag="650" ind1="2" ind2="4">
    <subfield code="a">Disponibilidad del petr&#xF3;leo </subfield>
    <subfield code="9">40186</subfield>
  </datafield>
  <datafield tag="942" ind1=" " ind2=" ">
    <subfield code="2">ddc</subfield>
    <subfield code="c">BK</subfield>
  </datafield>
  <datafield tag="999" ind1=" " ind2=" ">
    <subfield code="c">12405</subfield>
    <subfield code="d">12405</subfield>
  </datafield>
  <datafield tag="952" ind1=" " ind2=" ">
    <subfield code="0">0</subfield>
    <subfield code="1">0</subfield>
    <subfield code="2">ddc</subfield>
    <subfield code="4">0</subfield>
    <subfield code="7">0</subfield>
    <subfield code="a">CPL</subfield>
    <subfield code="b">CPL</subfield>
    <subfield code="c">GEN</subfield>
    <subfield code="d">2018-04-15</subfield>
    <subfield code="e">Donaci&#xF3;n</subfield>
    <subfield code="o">338.23 / G245d</subfield>
    <subfield code="p">430005317</subfield>
    <subfield code="r">2024-05-16 00:00:00</subfield>
    <subfield code="t">Ej.1</subfield>
    <subfield code="w">2021-03-10</subfield>
    <subfield code="y">BK</subfield>
  </datafield>
</record>
